000 00553nam a2200205Ia 4500
005 20250625120426.0
008 008 250516s9999 xx 000 0 eng d
020 _a9783111284217
040 _beng
_cSDCL
041 _aeng
_2eng
084 _aB43 R4
100 _aPapageorgiou, Nikolaos S.
_9446961
245 0 _aApplied ninlinear functional analysis :
_bAn introduction
250 _a2nd ed.
260 _aGmbh :
_bDe Gruyter,
_c2024.
300 _axii, 722p.
650 _aMathematics
700 _aWinkert, Patrick
942 _cTEXL
_2CC
999 _c1429435
_d1429435